000
00264 a2200097 4500
001
13330
100
_a
Alciatore D.G.
245
_a
Handbook of research methods in industrial and organizational psychology
260
_a
_b
Blackwell pub
_c
2003
090
_c
10349
_d
10349
942
_a
NUST-CAE
_c
M
_c
391
999
_c
248403
_d
248403